000 00597nam a2200217Ii 4500
003 JO-AjNU
008 230606s9999||||xx |||||||||||||| ||und||
020 _a81-317-0075-5
040 _aJO-AjNU
_beng
_erda
_cJO-AjNU
041 _aeng
050 1 4 _aHD30.15.2008
100 3 _aKhandwalla,pradip N,
_eauthor
_91258
245 0 0 _aMANAGEMENT OF CORPORATE GREATNESS
250 _a1 ed
264 3 1 _aNew Delhi:pearson education,2008
300 _a371p
336 _atext
_btxt
_2rdacontent
337 _aunmediated
_bn
_2rdamedia
338 _avolume
_bnc
_2rdacarrier
650 4 _a MANAGEMENT
_91259
999 _aE663
_c663
_d663